00550nam a2200145 a 450000100100000000500170001000800410002704000250006810000330009324500820012626000390020830000350024795201050028299900170038700003848920201002031257.0130412s2003 dr 000 0 spa d aDO-SdBNPbspacBNPHU1 aFéliz, Carlos Julio96483710aAñoranzas de mi pueblo :bimagénes de Pedernales /cCarlos Julio Féliz. aSanto Domingo :bMediabyte,c2003. a98 p. :bil., retrs. ;c16 cm. 0010718PDaPDbPDcCTd2013-04-12iLF1l0o p38489-10r2020-06-25w2020-06-25yLFPDZNo se presta c37979d37979